Statistics for Footballers who Played/Managed for the Same Club

Click here to take the quiz!

General Stats

  • This quiz has been taken 82 times
  • The average score is 10 of 12

Answer Stats

ClubTime PlayedTime ManagedAnswer% Correct
Atletico Madrid1994-19972011-presentDiego Simeone
96%
Arsenal2011-20162019-presentMikel Arteta
96%
Barcelona1998-20152021-presentXavi Hernandez
96%
Chelsea2001-20142019-2021Frank Lampard
93%
Real Madrid2001-20062016-2018, 2019-2021Zinedine Zidane
93%
Ajax1964-19731985-1988Johan Cruyff
91%
Manchester United1996-20072018-2021Ole Gunnar Solskjær
91%
Barcelona1990-20012008-2012Pep Guardiola
88%
Juventus2011-20152020-2021Andrea Pirlo
75%
AC Milan1987-19922001-2009Carlo Ancelotti
74%
Bayern München1985-19902019-2021Hansi Flick
74%
Liverpool1977-19901985-1991Kenny Dalglish
69%

Score Distribution

Percentile by Number Answered

Percent of People with Each Score

Your Score History

You have not taken this quiz